Рапорт А. Ф. Кони управляющему Министерством юстиции Манасеину Николаю Авксентьевичу о задачах деятельности чинов прокурорского ...

Доступно только в Электронных читальных залах Найти на картеНа карте
RUSMARC
00004072nac2a22002771x 450
00188da6037-009d-4ac8-bfe6-47b3798a620d
00520131008171632.0
100##$a20130529l1886 k y0rusy50 ca
1010#$arus
102##$aRU
105##$ay z |||||
1220#$ad18861112
2001#$aРапорт А. Ф. Кони управляющему Министерством юстиции Манасеину Николаю Авксентьевичу о задачах деятельности чинов прокурорского надзора
$j12 ноября 1886
215##$a25 листов
251##$cДело
300##$aРукописный текст
324##$aАвторизованная копия с пометами А. Ф. Кони
330##$aДокументальные материалы, отложившиеся в результате служебной и общественной деятельности А. Ф. Кони; По судебному ведомству
461#0$10013a54f2e3-e9cf-409b-80fa-f0a9bd3c40cb
$12001
$aКони Анатолий Федорович, юрист, литератор, член академии наук, председатель Санкт-Петербургского окружного суда, член государственного совета
$1251
$cФонд
$1852
$j564
462#0$100178a475cd-a47d-4377-bff3-cee4b81de655
$12001
$aОпись дел фонда А. Ф. Кони за 1880-1931 гг.
$1251
$cОпись
$1852
$j1
600#1$aКони
$bА. Ф.
$f1844-1927
$gАнатолий Федорович
600#1$aМанассеин
$bН. А.
$f1834-1895
$gНиколай Авксентьевич
60101$3RU\NLR\AUTH\889948183
$aРоссия
$bМинистерство юстиции
801#0$aRU
$bGA_RF
801#1$aRU
$bНПО Опыт
$c20130529
$2rusmarc
801#2$aRU
$bПБ им. Б.Н. Ельцина
$c20131008
$gRCR
$2rusmarc
852##$aГА РФ
$j540
937##$d38329886
$hПБ
035##$aRuPRLIB51001199
Формат отображения